[Event "Pocos de Caldas op"]
[Site "Pocos de Caldas"]
[Date "2018.03.02"]
[Round "2"]
[White "Minetto, Adriano"]
[Black "Melo, Sergio Roberto Samp"]
[Result "0-1"]
[WhiteElo "2018"]
[BlackElo "1718"]
[PlyCount "70"]
[EventDate "2018.03.02"]
[EventType "swiss"]
[EventRounds "6"]
[EventCountry "BRA"]
[SourceTitle "CBM 183 Extra"]
[Source "ChessBase"]
[SourceDate "2018.04.19"]
[SourceVersion "1"]
[SourceVersionDate "2018.04.19"]
[SourceQuality "1"]

1. d4 Nf6 2. c4 e5 3. dxe5 Ng4 4. e4 Nxe5 5. f4 Nec6 6. Be3 Bb4+ 7. Nc3 Qe7 8. Bd3 d6 9. Nf3 Na6 10. 0-0 Bxc3 11. bxc3 Nc5 12. Bd4 0-0 13. Re1 Bg4 14. h3 Bxf3 15. Qxf3 Nxd3 16. Qxd3 b6 17. Rab1 f6 18. e5 fxe5 19. fxe5 Nxe5 20. Bxe5 dxe5 21. Qd5+ Qf7 22. Rxe5 Rad8 23. Qxf7+ Rxf7 24. c5 Rfd7 25. Rb4 Rd5 26. Rxd5 Rxd5 27. cxb6 axb6 28. Rc4 c5 29. a4 Kf7 30. Kf1 Ke6 31. Ke2 g5 32. g4 Re5+ 33. Kd3 Kd5 34. h4 h6 35. h5 Re1 0-1

[Event "Sao Paulo Freitas op 2nd"]
[Site "Sao Paulo"]
[Date "2016.04.17"]
[Round "5"]
[White "Coelho, Tatiane Cristina"]
[Black "Minetto, Adriano"]
[Result "0-1"]
[WhiteElo "1797"]
[BlackElo "2017"]
[PlyCount "66"]
[EventDate "2016.04.15"]
[EventType "swiss"]
[EventRounds "6"]
[EventCountry "BRA"]
[SourceTitle "CBM 171 Extra"]
[Source "ChessBase"]
[SourceDate "2016.04.26"]
[SourceVersion "1"]
[SourceVersionDate "2016.04.26"]
[SourceQuality "1"]

1. e4 c5 2. c3 Nf6 3. e5 Nd5 4. d4 cxd4 5. cxd4 Nc6 6. Bc4 Nb6 7. Bb3 d6 8. Qh5 g6 9. Qf3 d5 10. Ne2 Bg7 11. Nbc3 e6 12. 0-0 0-0 13. Qh3 f6 14. f4 a6 15. Bc2 Bd7 16. Be3 Qe7 17. Rab1 Nb4 18. Bd1 Nc4 19. a3 Nc6 20. Na4 fxe5 21. dxe5 d4 22. Nxd4 Nxd4 23. Bxd4 Bxa4 24. Bxa4 Nd2 25. b4 Nxb1 26. Bc5 Qf7 27. Bxf8 Rxf8 28. Rxb1 Qxf4 29. Qxe6+ Kh8 30. Qa2 Bxe5 31. g3 Bd4+ 32. Kg2 Qf3+ 33. Kh3 Rf5 0-1

[Event "Sao Paulo Freitas op 2nd"]
[Site "Sao Paulo"]
[Date "2016.04.15"]
[Round "2"]
[White "Minetto, Adriano"]
[Black "Carneiro, Vitor Roberto Castr"]
[Result "0-1"]
[WhiteElo "2017"]
[BlackElo "2401"]
[PlyCount "48"]
[EventDate "2016.04.15"]
[EventType "swiss"]
[EventRounds "6"]
[EventCountry "BRA"]
[SourceTitle "CBM 171 Extra"]
[Source "ChessBase"]
[SourceDate "2016.04.26"]
[SourceVersion "1"]
[SourceVersionDate "2016.04.26"]
[SourceQuality "1"]

1. e4 c6 2. d4 d5 3. exd5 cxd5 4. Bd3 Nc6 5. c3 Qc7 6. Nf3 Bg4 7. Nbd2 e6 8. 0-0 Bd6 9. h3 Bh5 10. Re1 Nf6 11. Nf1 0-0 12. Bg5 Nd7 13. Qc2 h6 14. g4 hxg5 15. gxh5 Bf4 16. Qe2 Rae8 17. Ne3 f5 18. Kh1 Nf6 19. Rg1 Nh7 20. Rae1 Qf7 21. Nh2 Nf6 22. Nf3 Qxh5 23. Nxg5 Qh6 24. Bxf5 Bxg5 0-1

[Event "Sao Paulo Freitas op 2nd"]
[Site "Sao Paulo"]
[Date "2016.04.15"]
[Round "1"]
[White "Silva, Cicero Tavares"]
[Black "Minetto, Adriano"]
[Result "0-1"]
[WhiteElo "1601"]
[BlackElo "2017"]
[PlyCount "32"]
[EventDate "2016.04.15"]
[EventType "swiss"]
[EventRounds "6"]
[EventCountry "BRA"]
[SourceTitle "CBM 171 Extra"]
[Source "ChessBase"]
[SourceDate "2016.04.26"]
[SourceVersion "1"]
[SourceVersionDate "2016.04.26"]
[SourceQuality "1"]

1. d4 Nf6 2. Nc3 d5 3. Bg5 Bf5 4. f3 Bg6 5. Bxf6 exf6 6. e4 Bb4 7. Bd3 0-0 8. Nge2 dxe4 9. fxe4 Nc6 10. d5 Ne5 11. Nf4 Qd6 12. g3 Qc5 13. Kd2 Qd4 14. Qe2 Nc4+ 15. Kc1 Nxb2 16. Rb1 Qxc3 0-1

[Event "Rio Claro IRT U2200 4th"]
[Site "Rio Claro"]
[Date "2016.02.20"]
[Round "2.1"]
[White "Minetto, Adriano"]
[Black "Sanchez, Ivan Roberto"]
[Result "1-0"]
[WhiteElo "1997"]
[BlackElo "1753"]
[PlyCount "81"]
[EventDate "2016.02.20"]
[EventType "swiss"]
[EventRounds "5"]
[EventCountry "BRA"]
[SourceTitle "EXT 2022"]
[Source "ChessBase"]
[SourceDate "2021.10.06"]
[SourceVersion "1"]
[SourceVersionDate "2021.10.06"]
[SourceQuality "1"]

1. e4 c5 2. Nf3 d6 3. Nc3 g6 4. d4 cxd4 5. Qxd4 Nf6 6. e5 Nh5 7. g4 Ng7 8. Bc4 Nc6 9. Qf4 Ne6 10. Qe3 Nb4 11. Qe2 d5 12. Bb5+ Bd7 13. Be3 Nc7 14. Bxd7+ Qxd7 15. Nd4 a6 16. 0-0-0 e6 17. Nb3 Rb8 18. a3 Nc6 19. f4 Bg7 20. Bc5 Ne7 21. Ne4 b6 22. Nd6+ Kf8 23. Bd4 Nc8 24. Nxc8 Qxc8 25. Qe3 Na8 26. Rhf1 h5 27. h3 hxg4 28. hxg4 Rh2 29. Rf2 Rh4 30. Qf3 Qd8 31. Kb1 Nc7 32. f5 exf5 33. gxf5 g5 34. e6 f6 35. Rh1 Rf4 36. Qg3 Rxf2 37. Bxf2 Nb5 38. Nd4 Nxd4 39. Bxd4 Ke7 40. Rh7 Qg8 41. Qc7+ 1-0

[Event "Curitiba op"]
[Site "Curitiba"]
[Date "2010.11.20"]
[Round "4"]
[White "Minetto, Adriano"]
[Black "Vigoa Apecheche, Yanira"]
[Result "0-1"]
[WhiteElo "2004"]
[BlackElo "2282"]
[PlyCount "88"]
[EventDate "2010.11.19"]
[EventType "swiss"]
[EventRounds "6"]
[EventCountry "BRA"]
[SourceTitle "CBM 139 Extra"]
[Source "ChessBase"]
[SourceDate "2011.01.05"]
[SourceVersion "1"]
[SourceVersionDate "2011.01.05"]
[SourceQuality "1"]

1. d4 Nf6 2. c4 g6 3. Nc3 Bg7 4. Nf3 0-0 5. g3 d6 6. Bg2 c6 7. 0-0 Nbd7 8. Qc2 Rb8 9. b3 b5 10. cxb5 cxb5 11. Bb2 b4 12. Na4 Ba6 13. Ne1 Bb5 14. Nd3 a5 15. Rfc1 Bh6 16. e3 Ng4 17. Qe2 Ngf6 18. Bc6 Ba6 19. Qd2 Nb6 20. Nxb6 Qxb6 21. Rc2 Bb7 22. Rac1 Rbc8 23. Bxb7 Qxb7 24. Rxc8 Rxc8 25. Rxc8+ Qxc8 26. Qc1 Qf5 27. Qd1 Ne4 28. Qe2 Qe6 29. Nf4 Bxf4 30. exf4 d5 31. f3 Nc3 32. Qxe6 fxe6 33. a3 Ne2+ 34. Kf2 bxa3 35. Bxa3 Nxd4 36. b4 a4 37. Bb2 Nb5 38. Ke3 Kf7 39. Kd2 Ke8 40. Kc2 Kd7 41. Bg7 Kc6 42. Bf8 d4 43. Bxe7 Kd5 44. Kd3 a3 0-1

[Event "Curitiba-ch IRT 2nd"]
[Site "Curitiba"]
[Date "2010.05.09"]
[Round "5"]
[White "Minetto, Adriano"]
[Black "Dias, Anderson Tatsch"]
[Result "0-1"]
[WhiteElo "2010"]
[BlackElo "2209"]
[PlyCount "72"]
[EventDate "2010.05.07"]
[EventType "swiss"]
[EventRounds "6"]
[EventCountry "BRA"]
[SourceTitle "EXT 2022"]
[Source "ChessBase"]
[SourceDate "2021.10.06"]
[SourceVersion "1"]
[SourceVersionDate "2021.10.06"]
[SourceQuality "1"]

1. d4 d5 2. c4 e5 3. dxe5 d4 4. Nf3 Nc6 5. Bf4 Nge7 6. e3 Ng6 7. a3 Bg4 8. Be2 dxe3 9. Qxd8+ Rxd8 10. Bxe3 Ngxe5 11. Nxe5 Nxe5 12. Bxg4 Nxg4 13. Bf4 Rd4 14. Bg3 Rxc4 15. Nc3 Bc5 16. 0-0 0-0 17. Rac1 c6 18. Rfd1 Nf6 19. Be5 Bxf2+ 20. Kf1 Be3 21. Rc2 Ng4 22. Bd6 Rd8 23. Re2 Bf4 24. Rd3 g6 25. b3 Rxd6 26. Rxd6 Rxc3 27. Rd8+ Kg7 28. Re4 Bg5 29. Rb8 Ne3+ 30. Kf2 Rxb3 31. h4 Bf6 32. a4 h5 33. a5 Nf5 34. g3 Nxg3 35. Rc4 a6 36. Kg2 Nf5 0-1

[Event "Americana Paulista Interior"]
[Site "Americana"]
[Date "2007.10.12"]
[Round "2"]
[White "El Debs, Felipe de Cresce"]
[Black "Minetto, Adriano"]
[Result "1-0"]
[WhiteElo "2416"]
[BlackElo "2018"]
[PlyCount "73"]
[EventDate "2007.10.12"]
[EventType "swiss"]
[EventRounds "6"]
[EventCountry "BRA"]
[SourceTitle "EXT 2022"]
[Source "ChessBase"]
[SourceDate "2021.10.06"]
[SourceVersion "1"]
[SourceVersionDate "2021.10.06"]
[SourceQuality "1"]

1. Nf3 Nf6 2. c4 e6 3. g3 b6 4. Bg2 Bb7 5. 0-0 Be7 6. d4 d6 7. Nc3 Ne4 8. Nxe4 Bxe4 9. d5 e5 10. Qa4+ Qd7 11. Qb3 Bxf3 12. Bxf3 0-0 13. c5 Na6 14. c6 Qd8 15. Qc3 Nb8 16. b4 Bg5 17. e4 Bxc1 18. Qxc1 Qc8 19. Qc4 Qa6 20. Be2 Qxc4 21. Bxc4 h6 22. Bd3 g6 23. a3 f6 24. f4 h5 25. h4 Kg7 26. Kg2 b5 27. a4 Na6 28. Rfb1 Nb8 29. axb5 Re8 30. Kf3 g5 31. hxg5 fxg5 32. fxg5 Kg6 33. Kg2 Rf8 34. Rf1 Rxf1 35. Bxf1 Kxg5 36. Kh3 Kg6 37. Kh4 1-0

[Event "Americana Paulista Interior"]
[Site "Americana"]
[Date "2007.10.12"]
[Round "4"]
[White "Pereira, Amanda Marques"]
[Black "Minetto, Adriano"]
[Result "0-1"]
[WhiteElo "1833"]
[BlackElo "2018"]
[PlyCount "108"]
[EventDate "2007.10.12"]
[EventType "swiss"]
[EventRounds "6"]
[EventCountry "BRA"]
[SourceTitle "EXT 2022"]
[Source "ChessBase"]
[SourceDate "2021.10.06"]
[SourceVersion "1"]
[SourceVersionDate "2021.10.06"]
[SourceQuality "1"]

1. e4 c6 2. d4 d5 3. exd5 cxd5 4. Bd3 Nc6 5. c3 Nf6 6. h3 e5 7. dxe5 Nxe5 8. Qe2 Qe7 9. Bb5+ Nc6 10. Qxe7+ Bxe7 11. Nf3 0-0 12. Bf4 a6 13. Ba4 b5 14. Bc2 Bc5 15. 0-0 d4 16. Rd1 dxc3 17. Nxc3 Bb7 18. a3 Rad8 19. Bc7 Rc8 20. Bh2 Rfe8 21. Rac1 Bb6 22. b4 Rcd8 23. Bb3 Nd4 24. Nxd4 Rxd4 25. Rxd4 Bxd4 26. Kf1 Rc8 27. Ne2 Rxc1+ 28. Nxc1 Bb2 29. Nd3 Bxa3 30. f3 Bd5 31. Bc2 Bc4 32. Bd6 Nd5 33. Kf2 Bxd3 34. Bxd3 Bxb4 35. Be5 Bc5+ 36. Ke2 f6 37. Bh2 g6 38. Kd2 Kf7 39. Be4 Ke6 40. f4 f5 41. Bf3 Kd6 42. g4 Bd4 43. gxf5 gxf5 44. Kd3 Kc5 45. Bg3 b4 46. Bxd5 Kxd5 47. Be1 a5 48. Bd2 Bc3 49. Be3 a4 50. Bc1 Bf6 51. Bd2 b3 52. Bb4 Bb2 53. Bc3 Bxc3 54. Kxc3 Ke4 0-1

[Event "Birigui U2200 op 1st"]
[Site "Birigui"]
[Date "2006.12.08"]
[Round "4"]
[White "Costa, Paulo Cesar"]
[Black "Minetto, Adriano"]
[Result "1/2-1/2"]
[WhiteElo "2121"]
[BlackElo "2107"]
[PlyCount "28"]
[EventDate "2006.12.08"]
[EventType "swiss"]
[EventRounds "7"]
[EventCountry "BRA"]
[SourceTitle "EXT 2022"]
[Source "ChessBase"]
[SourceDate "2021.10.06"]
[SourceVersion "1"]
[SourceVersionDate "2021.10.06"]
[SourceQuality "1"]

1. d4 Nf6 2. Nf3 e6 3. c4 Bb4+ 4. Nbd2 Qe7 5. a3 Bxd2+ 6. Bxd2 d6 7. g3 b6 8. Bg2 Bb7 9. 0-0 0-0 10. Bg5 Nbd7 11. Qc2 h6 12. Bxf6 Nxf6 13. Rad1 Rfd8 14. Rfe1 Be4 1/2-1/2

[Event "Birigui U2200 op 1st"]
[Site "Birigui"]
[Date "2006.12.08"]
[Round "?"]
[White "Minetto, Adriano"]
[Black "Brandao, Evandro Alves"]
[Result "1-0"]
[WhiteElo "2107"]
[BlackElo "2056"]
[PlyCount "103"]
[EventDate "2006.12.08"]
[EventType "swiss"]
[EventRounds "7"]
[EventCountry "BRA"]
[SourceTitle "EXT 2022"]
[Source "ChessBase"]
[SourceDate "2021.10.06"]
[SourceVersion "1"]
[SourceVersionDate "2021.10.06"]
[SourceQuality "1"]

1. c4 Nf6 2. Nc3 g6 3. g3 Bg7 4. Bg2 0-0 5. Nf3 d6 6. 0-0 e5 7. d3 Nc6 8. a3 Bg4 9. h3 Bxf3 10. Bxf3 Qd7 11. Bg2 Nh5 12. Rb1 Rae8 13. Kh2 Nd8 14. Bd2 f5 15. b4 c6 16. b5 f4 17. g4 Nf6 18. e3 Ne6 19. bxc6 bxc6 20. Qa4 Nc5 21. Qxc6 Qxc6 22. Bxc6 Rc8 23. Nd5 Nxd5 24. Bxd5+ Kh8 25. Bb4 Bh6 26. d4 fxe3 27. fxe3 exd4 28. exd4 Bf4+ 29. Rxf4 Rxf4 30. dxc5 dxc5 31. Bc3+ Rd4 32. Rd1 Kg7 33. Bxd4+ cxd4 34. Rxd4 Rc5 35. Rf4 Ra5 36. Rf3 Ra6 37. Kg2 Rb6 38. Rf7+ Kh6 39. Rxa7 Rb2+ 40. Kg3 Rb3+ 41. Bf3 Rc3 42. h4 g5 43. hxg5+ Kxg5 44. Ra5+ Kf6 45. c5 Ke7 46. c6 Kd8 47. Ra7 h6 48. a4 Rc1 49. a5 Kc8 50. a6 Kb8 51. Rh7 Rc5 52. a7+ 1-0